Southville International School and Colleges
Your cart is empty.
  • Cart
  • Lists
    Public lists Eva Luna New books Lux_list list_1
    Your lists Log in to create your own lists
  • Log in to your account
  • Your cookies
  • Search history
Southville International School and Colleges
  • Advanced search
  • Recent comments
  • Most popular
  • Libraries

Log in to your account

Log in with GOOGLE


If you do not have an external account, but do have a local account, you can still log in:

  1. Home
  2. MARC view: General review :
Normal view MARC view ISBD view

General review : (Record no. 8664)

[ view plain ]
MARC details
000 -LEADER
fixed length control field 00624nam a22002057a 4500
003 - CONTROL NUMBER IDENTIFIER
control field SISC
005 - DATE AND TIME OF LATEST TRANSACTION
control field 20160331153644.0
008 - FIXED-LENGTH DATA ELEMENTS--GENERAL INFORMATION
fixed length control field 130815t xxu||||| |||| 00| 0 eng d
020 ## - INTERNATIONAL STANDARD BOOK NUMBER
International Standard Book Number 0811412989
050 ## - LIBRARY OF CONGRESS CALL NUMBER
Classification number LB 1603
Item number .G326 1986
082 ## - DEWEY DECIMAL CLASSIFICATION NUMBER
Classification number HS 373.076
Item number G26 1986
100 ## - MAIN ENTRY--PERSONAL NAME
Personal name Gearing, Philip J.
9 (RLIN) 10647
245 ## - TITLE STATEMENT
Title General review :
Remainder of title preparation for high school equivalency /
Statement of responsibility, etc Philip J. Gearing
260 ## - PUBLICATION, DISTRIBUTION, ETC. (IMPRINT)
Place of publication, distribution, etc Texas :
Name of publisher, distributor, etc Steck-Vaughn Co,
Date of publication, distribution, etc c1986.
300 ## - PHYSICAL DESCRIPTION
Extent 175 p. :
Other physical details ill. ;
Dimensions 28 cm.
650 ## - SUBJECT ADDED ENTRY--TOPICAL TERM
Topical term or geographic name as entry element GED test
9 (RLIN) 10648
650 ## - SUBJECT ADDED ENTRY--TOPICAL TERM
Topical term or geographic name as entry element Test and measurement
General subdivision Secondary level
9 (RLIN) 10649
942 ## - ADDED ENTRY ELEMENTS (KOHA)
Source of classification or shelving scheme Library of Congress Classification
Koha item type Books
Holdings
Withdrawn status Lost status Source of classification or shelving scheme Damaged status Home library Current library Shelving location Date acquired Total Checkouts Full call number Barcode Date last seen Copy number Price effective from Koha item type
    Library of Congress Classification   Luxembourg Library Luxembourg Library High School Section 08/15/2013   LB 1603 .G326 1986 3810 03/31/2016 1 08/15/2013 Books

General review :

APA

Gearing P. J., . (1986). General review. Texas: Steck-Vaughn Co.

Chicago

Gearing Philip J, . 1986. General review. Texas: Steck-Vaughn Co.

Harvard

Gearing P. J., . (1986). General review. Texas: Steck-Vaughn Co.

MLA

Gearing Philip J, . General review. Texas: Steck-Vaughn Co. 1986.

  • Place hold
  • Print
  • Cite
  • Add to your cart (remove)
  • Save record
    BIBTEX Dublin Core MARCXML MARC (non-Unicode/MARC-8) MARC (Unicode/UTF-8) MARC (Unicode/UTF-8, Standard) MODS (XML) RIS
  • More searches
    Search for this title in:
    Other Libraries (WorldCat) Other Databases (Google Scholar) Online Stores (Bookfinder.com) Open Library (openlibrary.org)

Exporting to Dublin Core...

SOUTHVILLE LIBRARY

Southville International School and Colleges Library

1281 Tropical Ave. Cor. Luxembourg St., BF Homes International, Las Pinas City

Tel. No. 8256374 / 252358 Loc. 117/146

Powered by Koha